OPHTHALMIC ASSISTANT (Record no. 10524)

MARC details
000 -LEADER
fixed length control field 00279nam a22001337a 4500
003 - CONTROL NUMBER IDENTIFIER
control field SGT
082 ## - DEWEY DECIMAL CLASSIFICATION NUMBER
Classification number 617.7
Item number O13M
100 ## - MAIN ENTRY--PERSONAL NAME
Personal name MUKHERJEE, PK
245 ## - TITLE STATEMENT
Title OPHTHALMIC ASSISTANT
260 ## - PUBLICATION, DISTRIBUTION, ETC. (IMPRINT)
Place of publication, distribution, etc INDIA
Name of publisher, distributor, etc JAYPEE
Year of Publication 2013
300 ## - PAGE DESCRIPTION
No. of Pages 406
650 ## - SUBJECT ADDED ENTRY--TOPICAL TERM
Topical term or geographic name as entry element OPHTHALMOLOGY
942 ## - ADDED ENTRY ELEMENTS (KOHA)
Source of classification or shelving scheme Dewey Decimal Classification
Koha item type Books
Holdings
Withdrawn status Lost status Source of classification or shelving scheme Damaged status Not for loan Collection code Home library Current library Shelving location Date acquired Vendor Name Cost, normal purchase price SGTU Bill Number Total Checkouts Full call number Accession No. (Barcode) Date last seen Bill Date Koha item type Date last borrowed
    Dewey Decimal Classification     MEDICAL SGT Medical Library SGT Medical Library Text Book 19/01/2017 ABC 795.00 SGTU 6436   617.7 O13M FM7836 19/01/2017 02/01/2016 Books  
    Dewey Decimal Classification     MEDICAL SGT Medical Library SGT Medical Library Text Book 19/01/2017 ABC 795.00 SGTU 6436   617.7 O13M FM7837 19/01/2017 02/01/2016 Books  
    Dewey Decimal Classification     MEDICAL SGT Medical Library SGT Medical Library Text Book 19/01/2017 ABC 795.00 SGTU 6436 3 617.7 O13M FM7838 30/04/2026 02/01/2016 Books 13/04/2026
    Dewey Decimal Classification     MEDICAL SGT Medical Library SGT Medical Library Text Book 19/01/2017 ABC 795.00 SGTU 6436   617.7 O13M FM7839 19/01/2017 02/01/2016 Books  
    Dewey Decimal Classification     MEDICAL SGT Medical Library SGT Medical Library Text Book 19/01/2017 ABC 795.00 SGTU 6436   617.7 O13M FM7840 19/01/2017 02/01/2016 Books